[Event "Piura op 10th"]
[Site "Piura"]
[Date "2016.10.15"]
[Round "3"]
[White "Frias, Marco"]
[Black "Davila Chavez, Juan Jose"]
[Result "1-0"]
[WhiteElo "2083"]
[BlackElo "1886"]
[PlyCount "79"]
[EventDate "2016.10.14"]
[EventType "swiss"]
[EventRounds "7"]
[EventCountry "PER"]
[SourceTitle "EXT 2018"]
[Source "ChessBase"]
[SourceDate "2017.10.13"]
[SourceVersion "1"]
[SourceVersionDate "2017.10.13"]
[SourceQuality "1"]

1. e4 c5 2. c3 d5 3. exd5 Qxd5 4. d4 Nc6 5. Nf3 Nf6 6. Be2 cxd4 7. cxd4 g6 8. 0-0 Bg7 9. Nc3 Qd8 10. d5 Nb8 11. Qb3 0-0 12. Rd1 Ne8 13. Bf4 a6 14. Rac1 Nd7 15. Ne4 Qb6 16. Qxb6 Nxb6 17. b3 Bf5 18. Nc5 Bb2 19. Nxb7 Bxc1 20. Bxc1 Nd6 21. Nc5 Rfc8 22. Be3 Nd7 23. b4 Nxc5 24. bxc5 Ne4 25. Rc1 Nf6 26. Bc4 Be4 27. Rd1 Rd8 28. d6 exd6 29. cxd6 Nd7 30. Ng5 Ne5 31. Bb3 Bf5 32. f4 h6 33. fxe5 hxg5 34. Bxg5 Bd7 35. Bxd8 Rxd8 36. Kf2 Kg7 37. Ke3 Re8 38. Kd4 Rc8 39. Bc4 a5 40. Rb1 1-0

[Event "Piura op 10th"]
[Site "Piura"]
[Date "2016.10.15"]
[Round "5"]
[White "Guevara, Walter"]
[Black "Davila Chavez, Juan Jose"]
[Result "1-0"]
[WhiteElo "2034"]
[BlackElo "1886"]
[PlyCount "39"]
[EventDate "2016.10.14"]
[EventType "swiss"]
[EventRounds "7"]
[EventCountry "PER"]
[SourceTitle "EXT 2018"]
[Source "ChessBase"]
[SourceDate "2017.10.13"]
[SourceVersion "1"]
[SourceVersionDate "2017.10.13"]
[SourceQuality "1"]

1. Nf3 Nf6 2. c4 g6 3. g3 Bg7 4. Bg2 0-0 5. Nc3 c5 6. 0-0 Nc6 7. d4 cxd4 8. Nxd4 Nxd4 9. Qxd4 d6 10. Qh4 Qc7 11. Bg5 a6 12. Rac1 Re8 13. Rfd1 Qd8 14. b3 Rb8 15. c5 Nh5 16. cxd6 f6 17. Be3 Bf8 18. g4 Ng7 19. dxe7 Qxe7 20. Nd5 1-0

[Event "Trujillo"]
[Site "Trujillo"]
[Date "2016.07.19"]
[Round "4"]
[White "Davila Chavez, Juan Jose"]
[Black "Zarate Oyague, Flor de Maria"]
[Result "1/2-1/2"]
[WhiteElo "1833"]
[BlackElo "1970"]
[PlyCount "49"]
[EventDate "2016.07.18"]
[EventType "tourn"]
[EventRounds "10"]
[EventCountry "PER"]
[SourceTitle "EXT 2018"]
[Source "ChessBase"]
[SourceDate "2017.10.13"]
[SourceVersion "1"]
[SourceVersionDate "2017.10.13"]
[SourceQuality "1"]

1. e4 c5 2. Nf3 d6 3. d4 cxd4 4. Nxd4 Nf6 5. Nc3 a6 6. Be2 e5 7. Nb3 Be6 8. Bg5 Be7 9. Bxf6 Bxf6 10. Qd3 Nc6 11. a3 0-0 12. Rd1 Nd4 13. Nxd4 exd4 14. Nd5 Bxd5 15. exd5 Qa5+ 16. Kf1 Qxd5 17. Bf3 Qa2 18. Bxb7 Rab8 19. Be4 g6 20. Qf3 Be5 21. Bd5 Qxb2 22. Bb3 Kg7 23. a4 Qc3 24. Rd3 Qa1+ 25. Rd1 1/2-1/2